[Event "14. Torneo Almansa 2019"]
[Site "Almansa ESP"]
[Date "2019.08.07"]
[Round "1.2"]
[White "Donado-Mazarron Gomez, Miguel"]
[Black "Alvarez Serrano, Carlos"]
[Result "0-1"]
[WhiteElo "2078"]
[BlackElo "2244"]
[PlyCount "138"]
[EventDate "2019.08.07"]
[EventType "swiss"]
[EventRounds "7"]
[EventCountry "ESP"]
[SourceTitle "Ajedrez en Madrid"]
[Source "lmi"]
[SourceDate "2019.08.07"]
[SourceVersion "1"]
[SourceVersionDate "2019.08.11"]
[SourceQuality "1"]

1. d4 Nf6 2. c4 e6 3. Nc3 d5 4. cxd5 exd5 5. Bg5 Bb4 6. e3 h6 7. Bh4 g5 8. Bg3
Ne4 9. Nge2 h5 10. f3 Nxg3 11. hxg3 Qe7 12. Qd3 c6 13. O-O-O Be6 14. g4 h4 15.
Ng3 Nd7 16. Nf5 Bxf5 17. gxf5 O-O-O 18. a3 Bxc3 19. Qxc3 g4 20. Re1 Qg5 21. Bd3
h3 22. Qd2 hxg2 23. Qxg2 Rxh1 24. Qxh1 g3 25. f4 Qg4 26. Be2 Qxf5 27. Qh4 Rg8
28. Rg1 Qg6 29. Bh5 Qh6 30. Qh3 Qg7 31. Qf5 f6 32. Qe6 Kc7 33. Kd2 Nb6 34. Ke2
Qh7 35. Qf7+ Qxf7 36. Bxf7 Rg7 37. Be6 Nc4 38. b3 Nd6 39. Kf3 Ne4 40. b4 b5 41.
Rg2 Nd6 42. Rxg3 Rxg3+ 43. Kxg3 Nc4 44. Kf3 Nxa3 45. Bf5 Nc4 46. Ke2 Nd6 47.
Be6 Kb6 48. Bd7 Kc7 49. Be6 f5 50. Bg8 Kb6 51. Kd3 a5 52. bxa5+ Kxa5 53. Be6 b4
54. Bd7 Kb5 55. Be6 b3 56. Kc3 Ka4 57. e4 Nxe4+ 58. Kb2 Nd6 59. Bd7 Nc4+ 60.
Kb1 b2 61. Ka2 Kb4 62. Bxf5 Kc3 63. Bb1 Kxd4 64. f5 Kc3 65. f6 Ne5 66. Bf5 d4
67. Be4 c5 68. Bd5 Kc2 69. Be4+ d3 0-1

[Event "14. Torneo Almansa 2019"]
[Site "Almansa ESP"]
[Date "2019.08.07"]
[Round "1.3"]
[White "Arias Igual, Alejandro"]
[Black "Gonzalez Lema, Carlos"]
[Result "1-0"]
[WhiteElo "2232"]
[BlackElo "2062"]
[PlyCount "79"]
[EventDate "2019.08.07"]
[EventType "swiss"]
[EventRounds "7"]
[EventCountry "ESP"]
[SourceTitle "Ajedrez en Madrid"]
[Source "lmi"]
[SourceDate "2019.08.07"]
[SourceVersion "1"]
[SourceVersionDate "2019.08.11"]
[SourceQuality "1"]

1. d4 d5 2. Bf4 Nf6 3. e3 e6 4. Nf3 Bd6 5. Bg3 O-O 6. Nbd2 c5 7. c3 b6 8. Bd3
Bb7 9. O-O Nc6 10. Qe2 a5 11. Rad1 Bxg3 12. hxg3 Nd7 13. e4 cxd4 14. exd5 exd5
15. Nxd4 Nxd4 16. cxd4 Re8 17. Qf3 Nf6 18. Rfe1 Qd6 19. a3 Re7 20. Nf1 Ne4 21.
Ne3 g6 22. Ng4 Rf8 23. Bxe4 dxe4 24. Nf6+ Kg7 25. Nxe4 Rxe4 26. Rxe4 f5 27. Qf4
Qxf4 28. Rxf4 g5 29. Rf3 Bxf3 30. gxf3 Rc8 31. Rd3 Kf6 32. Rb3 Rc6 33. Rb5 h5
34. Kg2 Rd6 35. Kh3 Ke6 36. Kg2 Kf6 37. Kh2 Kg6 38. f4 gxf4 39. gxf4 h4 40. d5
1-0

[Event "14. Torneo Almansa 2019"]
[Site "Almansa ESP"]
[Date "2019.08.07"]
[Round "1.4"]
[White "Hernandez Torralba, Jose Joaquin"]
[Black "Perez Gonzalez, Jose Manuel"]
[Result "1/2-1/2"]
[WhiteElo "2061"]
[BlackElo "2218"]
[PlyCount "164"]
[EventDate "2019.08.07"]
[EventType "swiss"]
[EventRounds "7"]
[EventCountry "ESP"]
[SourceTitle "Ajedrez en Madrid"]
[Source "lmi"]
[SourceDate "2019.08.07"]
[SourceVersion "1"]
[SourceVersionDate "2019.08.11"]
[SourceQuality "1"]

1. e4 d6 2. d4 Nf6 3. Nc3 g6 4. f4 Bg7 5. Nf3 c5 6. dxc5 Qa5 7. Bd3 Qxc5 8. Qe2
O-O 9. Be3 Qa5 10. O-O Bg4 11. h3 Bxf3 12. Qxf3 Nc6 13. a3 Rac8 14. Rae1 Nd7
15. Qf2 Nc5 16. Bxc5 Bxc3 17. bxc3 Qxc5 18. Qxc5 dxc5 19. e5 e6 20. g4 Ne7 21.
Be4 b6 22. a4 Rfd8 23. c4 Rd4 24. Bd3 Rcd8 25. a5 bxa5 26. Rb1 Nc6 27. Rb5 Nb4
28. Be2 Re4 29. Rf2 Nxc2 30. f5 Rxe2 31. Rxe2 Nd4 32. Reb2 Nxb5 33. Rxb5 exf5
34. gxf5 gxf5 35. Rxa5 Rd3 36. Kg2 f4 37. Rxc5 Rg3+ 38. Kh2 Rc3 39. Rc7 a5 40.
Ra7 Rxc4 41. Rxa5 Re4 42. Kg2 Re3 43. Ra4 Rxe5 44. Rxf4 Kg7 45. Ra4 Kg6 46. Ra8
h5 47. Rg8+ Kf5 48. Kg3 Re4 49. Rh8 Kg6 50. Rg8+ Kh7 51. Rg5 Kh6 52. Rg8 Ra4
53. Rb8 h4+ 54. Kf3 Kg5 55. Rg8+ Kf5 56. Rb8 Ra3+ 57. Kg2 Rg3+ 58. Kh2 Re3 59.
Rh8 Re4 60. Kg2 Rf4 61. Ra8 Rd4 62. Rh8 f6 63. Kf3 Rd3+ 64. Kg2 Rg3+ 65. Kh2
Kg5 66. Rg8+ Kf4 67. Rh8 Ra3 68. Rxh4+ Kf3 69. Rh5 Ra2+ 70. Kg1 Kg3 71. Kf1
Rf2+ 72. Kg1 Rf3 73. Rh6 f5 74. h4 Ra3 75. Rg6+ Kxh4 76. Kf2 Ra4 77. Kf3 Rg4
78. Rxg4+ fxg4+ 79. Kg2 g3 80. Kg1 Kg4 81. Kg2 Kf4 82. Kg1 Kf3 1/2-1/2

[Event "14. Torneo Almansa 2019"]
[Site "Almansa ESP"]
[Date "2019.08.07"]
[Round "1.5"]
[White "Garcia Molina, Francisco Miguel"]
[Black "Sanjuan Garcia, Miguel"]
[Result "1-0"]
[WhiteElo "2217"]
[BlackElo "2048"]
[PlyCount "51"]
[EventDate "2019.08.07"]
[EventType "swiss"]
[EventRounds "7"]
[EventCountry "ESP"]
[SourceTitle "Ajedrez en Madrid"]
[Source "lmi"]
[SourceDate "2019.08.07"]
[SourceVersion "1"]
[SourceVersionDate "2019.08.11"]
[SourceQuality "1"]

1. e4 c5 2. Nf3 e6 3. d4 cxd4 4. Nxd4 Nf6 5. Nc3 d6 6. g4 e5 7. Bb5+ Bd7 8.
Bxd7+ Qxd7 9. Nf5 h5 10. Bg5 Nh7 11. f4 g6 12. Ne3 Nxg5 13. fxg5 hxg4 14. Nxg4
Be7 15. Nd5 Kf8 16. Nxe7 Qxe7 17. Qd2 Qe6 18. Nh6 Nc6 19. Rf1 Rh7 20. Rf6 Qc4
21. O-O-O Nd4 22. Kb1 Rc8 23. c3 Nb5 24. Qe3 a5 25. Qf3 a4 26. Rxg6 1-0

[Event "14. Torneo Almansa 2019"]
[Site "Almansa ESP"]
[Date "2019.08.07"]
[Round "2.1"]
[White "Romero Calduch, Sergio"]
[Black "Villar Reymundo, Juan Antonio"]
[Result "0-1"]
[WhiteElo "2149"]
[BlackElo "2244"]
[PlyCount "66"]
[EventDate "2019.08.07"]
[EventType "swiss"]
[EventRounds "7"]
[EventCountry "ESP"]
[SourceTitle "Ajedrez en Madrid"]
[Source "lmi"]
[SourceDate "2019.08.07"]
[SourceVersion "1"]
[SourceVersionDate "2019.08.11"]
[SourceQuality "1"]

1. d4 Nf6 2. c4 e6 3. Nf3 b6 4. a3 Ba6 5. Qa4 c5 6. Nc3 Bb7 7. Bf4 a6 8. Rd1
Be7 9. d5 exd5 10. cxd5 b5 11. Qc2 d6 12. e4 Nh5 13. Be3 O-O 14. a4 b4 15. Nb1
Re8 16. Bd3 g6 17. O-O Nd7 18. Nbd2 Qc7 19. Nc4 a5 20. Nfd2 Bf8 21. f4 Bg7 22.
g4 Nhf6 23. Be2 Ba6 24. Bf3 b3 25. Qxb3 Rab8 26. Qc2 Nb6 27. b3 Nfxd5 28. Bf2
Nxf4 29. Bg3 Nxc4 30. Bxf4 Bd4+ 31. Kh1 Nb2 32. Rde1 Nd3 33. Rd1 Nxf4 0-1

[Event "14. Torneo Almansa 2019"]
[Site "Almansa ESP"]
[Date "2019.08.07"]
[Round "2.2"]
[White "Alvarez Serrano, Carlos"]
[Black "Sanchez Jerez, Emilio Miguel"]
[Result "1/2-1/2"]
[WhiteElo "2244"]
[BlackElo "2141"]
[PlyCount "58"]
[EventDate "2019.08.07"]
[EventType "swiss"]
[EventRounds "7"]
[EventCountry "ESP"]
[SourceTitle "Ajedrez en Madrid"]
[Source "lmi"]
[SourceDate "2019.08.07"]
[SourceVersion "1"]
[SourceVersionDate "2019.08.11"]
[SourceQuality "1"]

1. d4 d6 2. Nf3 g6 3. g3 Bg7 4. Bg2 Nf6 5. c4 O-O 6. O-O Nc6 7. Nc3 Rb8 8. d5
Na5 9. Nd2 c5 10. Qc2 e5 11. e4 Ng4 12. a3 b6 13. b4 Nb7 14. h3 Nh6 15. Bb2 f5
16. Qd3 Qe7 17. f3 g5 18. Rae1 a6 19. b5 a5 20. Na4 Nd8 21. Nb3 Ndf7 22. g4
fxg4 23. fxg4 Nh8 24. Rxf8+ Bxf8 25. Nd2 Ng6 26. Nf1 Nf4 27. Qf3 Qf6 28. Ne3
Nf7 29. Nf5 Nh8 1/2-1/2

[Event "14. Torneo Almansa 2019"]
[Site "Almansa ESP"]
[Date "2019.08.07"]
[Round "2.3"]
[White "Gonzalez Santamartina, Jorge"]
[Black "Arias Igual, Alejandro"]
[Result "1/2-1/2"]
[WhiteElo "2144"]
[BlackElo "2232"]
[PlyCount "106"]
[EventDate "2019.08.07"]
[EventType "swiss"]
[EventRounds "7"]
[EventCountry "ESP"]
[SourceTitle "Ajedrez en Madrid"]
[Source "lmi"]
[SourceDate "2019.08.07"]
[SourceVersion "1"]
[SourceVersionDate "2019.08.11"]
[SourceQuality "1"]

1. c4 c6 2. Nf3 d5 3. e3 Nf6 4. Nc3 e6 5. b3 Nbd7 6. Bb2 Bd6 7. Be2 O-O 8. O-O
a6 9. d4 b5 10. c5 Bc7 11. b4 a5 12. a3 Qe7 13. Qc2 e5 14. dxe5 Nxe5 15. Nxe5
Bxe5 16. Bf3 Ng4 17. g3 Re8 18. Ne2 Qf6 19. Bxg4 Bxb2 20. Ra2 Bxg4 21. Rxb2
axb4 22. axb4 Bxe2 23. Qxe2 Ra4 24. Rfb1 Qf5 25. Rd1 g6 26. Rd4 Qe5 27. Rbd2
Rea8 28. Kg2 Re8 29. Qg4 Qe6 30. Qf4 Qe5 31. Qg4 Kg7 32. Qd7 Qe6 33. Qc7 Re7
34. Qf4 h5 35. h4 Qe5 36. Qf3 Qf6 37. Qxf6+ Kxf6 38. Kf3 Kf5 39. Rf4+ Ke5 40.
Rfd4 f5 41. Kg2 Rea7 42. Kf3 Ra3 43. Rb2 R7a4 44. Rd1 Rc3 45. Kg2 Rc4 46. Rdb1
Ke4 47. Rb3 Rc2 48. Rd1 Ke5 49. Rd4 Raa2 50. Rf4 Rd2 51. Kg1 Rdc2 52. Kg2 Rc4
53. Kf3 Rcc2 1/2-1/2

[Event "14. Torneo Almansa 2019"]
[Site "Almansa ESP"]
[Date "2019.08.07"]
[Round "2.4"]
[White "Valdepeñas Octavio, Javier"]
[Black "Garcia Molina, Francisco Miguel"]
[Result "1/2-1/2"]
[WhiteElo "2140"]
[BlackElo "2217"]
[PlyCount "133"]
[EventDate "2019.08.07"]
[EventType "swiss"]
[EventRounds "7"]
[EventCountry "ESP"]
[SourceTitle "Ajedrez en Madrid"]
[Source "lmi"]
[SourceDate "2019.08.07"]
[SourceVersion "1"]
[SourceVersionDate "2019.08.11"]
[SourceQuality "1"]

1. Nf3 Nf6 2. c4 c5 3. Nc3 Nc6 4. g3 e6 5. Bg2 d5 6. cxd5 Nxd5 7. O-O Be7 8. d3
O-O 9. Bd2 b6 10. a3 Bb7 11. Qa4 a6 12. Rfc1 Rc8 13. Rab1 Qd7 14. Ne4 Rfd8 15.
Bg5 f6 16. Bd2 Bf8 17. Bh3 f5 18. Nc3 b5 19. Qd1 Nb6 20. Qf1 g6 21. Nd1 Qd6 22.
Bg2 Ba8 23. Rc2 e5 24. Rbc1 c4 25. Be3 Nd4 26. Nxd4 exd4 27. Bd2 Bxg2 28. Qxg2
cxd3 29. exd3 Rxc2 30. Rxc2 Qd5 31. Qxd5+ Nxd5 32. b4 Kf7 33. Kf1 Ke6 34. f3
Kd7 35. Nf2 Rc8 36. Rxc8 Kxc8 37. Nh3 a5 38. Ng5 axb4 39. axb4 Bh6 40. f4 Bxg5
41. fxg5 Kd7 42. Ke2 Ke6 43. Be1 Ke5 44. Kf3 Ne7 45. Bd2 Nc6 46. h4 Kd5 47. Ke2
Ne5 48. Bf4 Nf7 49. Bc7 h5 50. Bb8 Nd8 51. Bf4 Nc6 52. Bd2 Ke5 53. Bf4+ Ke6 54.
Bd2 Ne7 55. Kf2 Nc8 56. Ke2 Nb6 57. Kd1 f4 58. Bxf4 Nd5 59. Bd2 Kf5 60. Ke2 Kg4
61. Kf2 Ne7 62. Bf4 Nd5 63. Bd2 Ne7 64. Bf4 Nd5 65. Bd2 Nb6 66. Bf4 Nd5 67. Bd2
1/2-1/2

[Event "14. Torneo Almansa 2019"]
[Site "Almansa ESP"]
[Date "2019.08.07"]
[Round "2.5"]
[White "Peña Morales, Hugo"]
[Black "Bustos Bernardo, Samuel"]
[Result "1/2-1/2"]
[WhiteElo "2211"]
[BlackElo "2137"]
[PlyCount "337"]
[EventDate "2019.08.07"]
[EventType "swiss"]
[EventRounds "7"]
[EventCountry "ESP"]
[SourceTitle "Ajedrez en Madrid"]
[Source "lmi"]
[SourceDate "2019.08.07"]
[SourceVersion "1"]
[SourceVersionDate "2019.08.11"]
[SourceQuality "1"]

1. e4 e6 2. d4 d5 3. Nc3 Nf6 4. Bg5 Be7 5. exd5 exd5 6. Nf3 O-O 7. Bd3 Nc6 8.
O-O Nb4 9. Ne5 Nxd3 10. Qxd3 c6 11. Rfe1 Re8 12. Re2 h6 13. Bh4 Nh5 14. Qf3 Nf6
15. Rae1 Be6 16. h3 Qc7 17. Ng6 fxg6 18. Rxe6 Qd7 19. Bxf6 Bxf6 20. Rxe8+ Rxe8
21. Rxe8+ Qxe8 22. Qe3 Kf7 23. Kf1 Qd8 24. Ne2 Qd6 25. c3 g5 26. Ng1 Qc7 27.
Nf3 Qb6 28. Qe2 Qa5 29. a3 Qc7 30. g3 Qd7 31. Kg2 Qf5 32. Ne1 g6 33. Nd3 Be7
34. Ne5+ Kf8 35. Qf3 Kg7 36. Qe2 Bd6 37. Nf3 Kf7 38. Ne1 h5 39. g4 Qf4 40. Qf3
Kf6 41. Nd3 Qxf3+ 42. Kxf3 a6 43. Ke2 Ke6 44. Ne1 Bf4 45. Kd3 Kd6 46. b3 b6 47.
Ng2 Ke6 48. a4 Bd6 49. Ne3 Bf4 50. Ke2 Bd6 51. Nc2 Be7 52. Kd3 Bd6 53. Na1 a5
54. Nc2 Bc7 55. Ke2 Bd6 56. Ne1 Bf4 57. Nd3 Bd6 58. b4 Bc7 59. bxa5 bxa5 60.
Kf3 Bd6 61. Nc1 Bc7 62. Nb3 Bb6 63. Ke2 Kf6 64. Kd3 Ke6 65. Ke3 Bc7 66. Nc5+
Ke7 67. Kd3 Bb6 68. Nb3 Ke6 69. c4 Bc7 70. Nc5+ Ke7 71. Nb3 Ke6 72. Nc1 Bf4 73.
Ne2 Bd6 74. Nc3 Bf4 75. Nd1 Bc7 76. Ne3 Bf4 77. cxd5+ cxd5 78. Ke2 Bc7 79. Kf3
Bb6 80. Nc2 Bc7 81. Na1 Kf6 82. Nb3 Bb6 83. Ke3 Bc7 84. Nc5 Ke7 85. Nd3 Kf6 86.
Kf3 Ke6 87. Ke2 Kf6 88. Ke3 Ke6 89. Ne1 Kf6 90. Ng2 Bd6 91. Ke2 Ke6 92. Kd3 Bc7
93. Kc2 Kf6 94. Kb3 Ke6 95. Kc3 Bd6 96. Kd3 Bc7 97. Ke3 Kf6 98. f3 Bg3 99. Ke2
Ke6 100. Ne3 Bc7 101. Nc2 Bd6 102. Ne1 Bg3 103. Nd3 Bd6 104. Ke3 Kf6 105. Nc5
Ke7 106. Nd3 Kf6 107. Ne1 Bb4 108. Nc2 Bd6 109. Ne1 Bb4 110. Ng2 Bd6 111. Ke2
Ke6 112. Kd2 Kf6 113. Ke2 Ke6 114. Kd2 Kf6 115. Ke3 Bg3 116. gxh5 gxh5 117. Ke2
Bf4 118. Kd3 Kf5 119. Ke2 g4 120. fxg4+ hxg4 121. hxg4+ Kxg4 122. Ne1 Bd6 123.
Ng2 Bf4 124. Ne1 Bg5 125. Nc2 Kf4 126. Kd3 Kf5 127. Na3 Ke6 128. Nb5 Bf4 129.
Ke2 Bh2 130. Kf3 Kf5 131. Nc3 Ke6 132. Kg4 Bg1 133. Ne2 Be3 134. Kf3 Bd2 135.
Ng3 Bh6 136. Nh1 Bg7 137. Ke3 Bh6+ 138. Kd3 Bf4 139. Nf2 Bg5 140. Nd1 Bf4 141.
Nc3 Bh2 142. Nb1 Bd6 143. Nd2 Be7 144. Nb3 Bb4 145. Ke3 Kf5 146. Kf3 Bc3 147.
Ke3 Bb4 148. Nc1 Bf8 149. Ne2 Bh6+ 150. Kf3 Bg7 151. Ke3 Bh6+ 152. Kd3 Bf4 153.
Nc3 Ke6 154. Ke2 Bh2 155. Kf3 Bg1 156. Ne2 Bh2 157. Kg4 Bc7 158. Kg5 Bh2 159.
Kg6 Bd6 160. Nc3 Bg3 161. Nb5 Bf2 162. Kg7 Kf5 163. Kf7 Ke4 164. Ke6 Bxd4 165.
Nd6+ Kd3 166. Kxd5 Bf2 167. Kc6 Bg3 168. Nf5 Kc4 169. Nxg3 1/2-1/2

[Event "14. Torneo Almansa 2019"]
[Site "Almansa ESP"]
[Date "2019.08.08"]
[Round "3.1"]
[White "Villar Reymundo, Juan Antonio"]
[Black "Moreno Royano, Victor"]
[Result "0-1"]
[WhiteElo "2244"]
[BlackElo "2151"]
[PlyCount "74"]
[EventDate "2019.08.07"]
[EventType "swiss"]
[EventRounds "7"]
[EventCountry "ESP"]
[SourceTitle "Ajedrez en Madrid"]
[Source "lmi"]
[SourceDate "2019.08.07"]
[SourceVersion "1"]
[SourceVersionDate "2019.08.11"]
[SourceQuality "1"]

1. Nf3 Nf6 2. d4 d5 3. g3 Bf5 4. c4 c6 5. Nc3 e6 6. Nh4 dxc4 7. Nxf5 exf5 8.
Bg2 Bb4 9. O-O O-O 10. Bg5 h6 11. Bf4 Bxc3 12. bxc3 Nd5 13. Bd2 Re8 14. Re1 Nd7
15. Qb1 Qf6 16. Qxb7 N7b6 17. Qa6 Re7 18. Qa3 Rae8 19. e3 h5 20. Qc1 Qg6 21.
Qb1 Nc8 22. Bc1 Nd6 23. Qc2 Ne4 24. Bb2 h4 25. Qe2 f4 26. gxh4 Nef6 27. Kh1
fxe3 28. fxe3 Rxe3 29. Qf1 Qc2 30. Ba3 Qxc3 31. Rxe3 Nxe3 32. Qc1 Nc2 33. Bb2
Qd3 34. Bf1 Qf3+ 35. Bg2 Qe2 36. Rb1 Ne1 37. Bxc6 Qf1# 0-1

[Event "14. Torneo Almansa 2019"]
[Site "Almansa ESP"]
[Date "2019.08.08"]
[Round "3.2"]
[White "Gonzalez Laso, Adrian"]
[Black "Garcia Dorado, Alberto"]
[Result "1/2-1/2"]
[WhiteElo "2194"]
[BlackElo "2205"]
[PlyCount "30"]
[EventDate "2019.08.07"]
[EventType "swiss"]
[EventRounds "7"]
[EventCountry "ESP"]
[SourceTitle "Ajedrez en Madrid"]
[Source "lmi"]
[SourceDate "2019.08.07"]
[SourceVersion "1"]
[SourceVersionDate "2019.08.11"]
[SourceQuality "1"]

1. e4 c5 2. Nc3 Nc6 3. g3 g6 4. Bg2 Bg7 5. d3 d6 6. f4 e6 7. Nf3 Nge7 8. O-O
O-O 9. Be3 b6 10. Bf2 Ba6 11. Re1 Qd7 12. Qd2 Rad8 13. Rad1 Qc8 14. g4 Rfe8 15.
e5 Nd5 1/2-1/2

[Event "14. Torneo Almansa 2019"]
[Site "Almansa ESP"]
[Date "2019.08.08"]
[Round "3.3"]
[White "Vilanova Corbi, Jorge"]
[Black "Alvarez Serrano, Carlos"]
[Result "0-1"]
[WhiteElo "2177"]
[BlackElo "2244"]
[PlyCount "54"]
[EventDate "2019.08.07"]
[EventType "swiss"]
[EventRounds "7"]
[EventCountry "ESP"]
[SourceTitle "Ajedrez en Madrid"]
[Source "lmi"]
[SourceDate "2019.08.07"]
[SourceVersion "1"]
[SourceVersionDate "2019.08.11"]
[SourceQuality "1"]

1. d4 Nf6 2. c4 e6 3. Nc3 d5 4. cxd5 exd5 5. Bg5 Be7 6. e3 c6 7. Qc2 Nbd7 8.
Bd3 Nf8 9. Nge2 Ne6 10. Bh4 g6 11. f3 O-O 12. O-O c5 13. Qd2 b6 14. Rad1 Bb7
15. Qe1 Nh5 16. Bxe7 Qxe7 17. g4 Qg5 18. Kh1 cxd4 19. Nxd4 Nxd4 20. exd4 Rfe8
21. Ne2 Ng7 22. Qd2 Qh4 23. Kg2 Ne6 24. Rde1 h5 25. h3 Kg7 26. Rh1 Re7 27. Nf4
Nxf4+ 0-1

[Event "14. Torneo Almansa 2019"]
[Site "Almansa ESP"]
[Date "2019.08.08"]
[Round "3.4"]
[White "Arias Igual, Alejandro"]
[Black "Valdepeñas Octavio, Javier"]
[Result "1/2-1/2"]
[WhiteElo "2232"]
[BlackElo "2140"]
[PlyCount "98"]
[EventDate "2019.08.07"]
[EventType "swiss"]
[EventRounds "7"]
[EventCountry "ESP"]
[SourceTitle "Ajedrez en Madrid"]
[Source "lmi"]
[SourceDate "2019.08.07"]
[SourceVersion "1"]
[SourceVersionDate "2019.08.11"]
[SourceQuality "1"]

1. d4 Nf6 2. Bf4 g6 3. e3 Bg7 4. Nf3 d6 5. h3 O-O 6. Be2 Nfd7 7. O-O Nc6 8. Nc3
a6 9. e4 b5 10. Qd2 Bb7 11. a4 b4 12. Nd5 e6 13. Nxb4 Nxb4 14. Qxb4 Bxe4 15.
Qd2 Qb8 16. b3 Qb7 17. Bh6 a5 18. Bxg7 Kxg7 19. Ne1 Nf6 20. Bf3 Rfb8 21. Bxe4
Qxe4 22. Nf3 Nd5 23. Rae1 Qf5 24. Nh2 Rb4 25. c4 Qf4 26. Qd1 Ne7 27. g3 Qf5 28.
Kg2 h5 29. Re3 Qf6 30. g4 Rh8 31. Rg3 Qf4 32. gxh5 Rxh5 33. Qxh5 Qxg3+ 34. fxg3
gxh5 35. Rf3 Nc6 36. Rd3 d5 37. cxd5 Nxd4 38. dxe6 fxe6 39. Nf3 Nxb3 40. Rc3 c5
41. Ne5 Nd4 42. Rxc5 Rxa4 43. Kf2 Ra3 44. Rc4 Nf5 45. g4 hxg4 46. hxg4 Ne3 47.
Rc5 Kf6 48. g5+ Ke7 49. Nc6+ Kd6 1/2-1/2

[Event "14. Torneo Almansa 2019"]
[Site "Almansa ESP"]
[Date "2019.08.08"]
[Round "3.5"]
[White "Sanchez Jerez, Emilio Miguel"]
[Black "Perez Gonzalez, Jose Manuel"]
[Result "1-0"]
[WhiteElo "2141"]
[BlackElo "2218"]
[PlyCount "99"]
[EventDate "2019.08.07"]
[EventType "swiss"]
[EventRounds "7"]
[EventCountry "ESP"]
[SourceTitle "Ajedrez en Madrid"]
[Source "lmi"]
[SourceDate "2019.08.07"]
[SourceVersion "1"]
[SourceVersionDate "2019.08.11"]
[SourceQuality "1"]

1. d4 g6 2. Nc3 Nf6 3. e4 d6 4. f4 Bg7 5. a3 O-O 6. Nf3 c5 7. dxc5 dxc5 8. Qxd8
Rxd8 9. e5 Nd5 10. Nxd5 Rxd5 11. Bc4 Rd8 12. Ng5 e6 13. Be3 b6 14. b4 cxb4 15.
axb4 Bb7 16. Kf2 Nc6 17. b5 Na5 18. Bd3 Rac8 19. Ne4 Bf8 20. h4 Bxe4 21. Bxe4
Bc5 22. Bxc5 Rxc5 23. Bd3 Nb3 24. Rxa7 Nd4 25. Rha1 Nxb5 26. Ra8 Rxa8 27. Rxa8+
Kg7 28. c4 Nd4 29. Ke3 Nf5+ 30. Bxf5 gxf5 31. Kd4 h5 32. Rb8 Rc6 33. g3 Kh7 34.
Rb7 Kg7 35. Rb8 Kh7 36. Rd8 Rc7 37. Rb8 Rc6 38. Kc3 Kg7 39. Kb4 f6 40. Kc3 fxe5
41. fxe5 Kg6 42. Kd4 f4 43. gxf4 Kf5 44. Rf8+ Kg4 45. Rf6 Kxh4 46. f5 Kg5 47.
fxe6 Rc8 48. Kd5 h4 49. e7 Re8 50. Kd6 1-0

[Event "14. Torneo Almansa 2019"]
[Site "Almansa ESP"]
[Date "2019.08.08"]
[Round "4.1"]
[White "Moreno Royano, Victor"]
[Black "Garcia Molina, Francisco Miguel"]
[Result "1/2-1/2"]
[WhiteElo "2151"]
[BlackElo "2217"]
[PlyCount "33"]
[EventDate "2019.08.07"]
[EventType "swiss"]
[EventRounds "7"]
[EventCountry "ESP"]
[SourceTitle "Ajedrez en Madrid"]
[Source "lmi"]
[SourceDate "2019.08.07"]
[SourceVersion "1"]
[SourceVersionDate "2019.08.11"]
[SourceQuality "1"]

1. d4 Nf6 2. c4 e6 3. Nf3 c5 4. d5 b5 5. dxe6 fxe6 6. cxb5 d5 7. Nc3 Nbd7 8. e4
d4 9. Na4 Nxe4 10. Bd3 Nef6 11. O-O Bd6 12. Re1 O-O 13. Rxe6 Nb6 14. Re1 Qc7
15. Nxb6 axb6 16. Bc4+ Kh8 17. h3 1/2-1/2

[Event "14. Torneo Almansa 2019"]
[Site "Almansa ESP"]
[Date "2019.08.08"]
[Round "4.2"]
[White "Alvarez Serrano, Carlos"]
[Black "Gonzalez Laso, Adrian"]
[Result "1/2-1/2"]
[WhiteElo "2244"]
[BlackElo "2194"]
[PlyCount "41"]
[EventDate "2019.08.07"]
[EventType "swiss"]
[EventRounds "7"]
[EventCountry "ESP"]
[SourceTitle "Ajedrez en Madrid"]
[Source "lmi"]
[SourceDate "2019.08.07"]
[SourceVersion "1"]
[SourceVersionDate "2019.08.11"]
[SourceQuality "1"]

1. d4 e6 2. Bf4 Nf6 3. Nf3 d5 4. e3 Nbd7 5. Nbd2 Be7 6. h3 O-O 7. Bd3 b6 8. c3
Bb7 9. Qb1 c5 10. Ne5 Re8 11. Nxd7 Qxd7 12. Be5 h6 13. g4 cxd4 14. exd4 Ne4 15.
Nxe4 dxe4 16. Bxe4 f6 17. Bg3 e5 18. d5 Bxd5 19. Qd3 Rad8 20. O-O-O Bxe4 21.
Qxe4 1/2-1/2

[Event "14. Torneo Almansa 2019"]
[Site "Almansa ESP"]
[Date "2019.08.08"]
[Round "4.3"]
[White "Sanchez Jerez, Emilio Miguel"]
[Black "Gil Quilez, David"]
[Result "1/2-1/2"]
[WhiteElo "2141"]
[BlackElo "2206"]
[PlyCount "21"]
[EventDate "2019.08.07"]
[EventType "swiss"]
[EventRounds "7"]
[EventCountry "ESP"]
[SourceTitle "Ajedrez en Madrid"]
[Source "lmi"]
[SourceDate "2019.08.07"]
[SourceVersion "1"]
[SourceVersionDate "2019.08.11"]
[SourceQuality "1"]

1. Nf3 d5 2. g3 Nf6 3. Bg2 c5 4. O-O Nc6 5. d3 Bg4 6. h3 Bh5 7. g4 Bg6 8. Nh4
e5 9. Nc3 d4 10. Nxg6 hxg6 11. Nb1 1/2-1/2

[Event "14. Torneo Almansa 2019"]
[Site "Almansa ESP"]
[Date "2019.08.08"]
[Round "4.4"]
[White "Garcia Dorado, Alberto"]
[Black "Bustos Bernardo, Samuel"]
[Result "1-0"]
[WhiteElo "2205"]
[BlackElo "2137"]
[PlyCount "117"]
[EventDate "2019.08.07"]
[EventType "swiss"]
[EventRounds "7"]
[EventCountry "ESP"]
[SourceTitle "Ajedrez en Madrid"]
[Source "lmi"]
[SourceDate "2019.08.07"]
[SourceVersion "1"]
[SourceVersionDate "2019.08.11"]
[SourceQuality "1"]

1. d4 Nf6 2. c4 e6 3. g3 c5 4. d5 exd5 5. cxd5 b5 6. f3 d6 7. e4 a6 8. a4 b4 9.
Nd2 Nbd7 10. b3 g6 11. Bb2 Bg7 12. a5 O-O 13. Nc4 Qe7 14. Bg2 Ne8 15. Bxg7 Kxg7
16. Ne2 Nc7 17. f4 Nb5 18. O-O Ra7 19. Qd2 f5 20. Qb2+ Kg8 21. e5 Re8 22. e6
Nf6 23. Rae1 Qg7 24. Qd2 Rae7 25. Nb6 Bb7 26. Bf3 Qf8 27. h3 h5 28. Bg2 Rh7 29.
Qd3 Ree7 30. Rf3 Reg7 31. Re3 Qe7 32. Bf3 Kf8 33. h4 Kg8 34. Kg2 Rh8 35. Ng1
Kh7 36. Nh3 Rd8 37. Ng5+ Kg8 38. Nd7 Nc7 39. Nxf6+ Qxf6 40. Nf7 Rxf7 41. exf7+
Kxf7 42. Re6 Nxe6 43. dxe6+ Ke7 44. Bxb7 Qc3 45. Qxc3 bxc3 46. Bd5 Rb8 47. Kf3
Rb5 48. Ra1 Rb4 49. Bc4 d5 50. Bxd5 Rd4 51. Bc4 Rd2 52. Bxa6 Kxe6 53. Bc4+ Kd6
54. a6 c2 55. a7 c1=Q 56. Rxc1 Ra2 57. Rd1+ Ke7 58. Re1+ Kf8 59. Re6 1-0

[Event "14. Torneo Almansa 2019"]
[Site "Almansa ESP"]
[Date "2019.08.08"]
[Round "4.5"]
[White "Guerrero Mendez, Jesus"]
[Black "Villar Reymundo, Juan Antonio"]
[Result "0-1"]
[WhiteElo "2111"]
[BlackElo "2244"]
[PlyCount "60"]
[EventDate "2019.08.07"]
[EventType "swiss"]
[EventRounds "7"]
[EventCountry "ESP"]
[SourceTitle "Ajedrez en Madrid"]
[Source "lmi"]
[SourceDate "2019.08.07"]
[SourceVersion "1"]
[SourceVersionDate "2019.08.11"]
[SourceQuality "1"]

1. e4 c5 2. Na3 g6 3. h4 h6 4. Nf3 Bg7 5. c3 d5 6. exd5 Qxd5 7. Bc4 Qe4+ 8. Be2
Nf6 9. d3 Qd5 10. Be3 Ng4 11. Qd2 O-O 12. d4 cxd4 13. Bxd4 e5 14. Be3 Nxe3 15.
Qxe3 Nc6 16. Nb5 Qd8 17. h5 g5 18. Rd1 Qe7 19. O-O Be6 20. c4 g4 21. Nd2 f5 22.
f3 f4 23. Qa3 Qh4 24. fxg4 e4 25. Nxe4 a6 26. Nc7 Bd4+ 27. Nf2 f3 28. Qd3 Ne5
29. Qxd4 Qg3 30. Nxe6 Qxg2# 0-1